000 01137nam a2200205Ia 4500
003 Ost
005 20260507075509.0
008 260507s9999||||xx |||||||||||||| ||und||
040 _cfsecg
041 _aara
082 _a519.5
100 _aالبلداوي، عبد الحميد عبد المجيد
_eمؤلف
245 0 _aالأساليب الإحصائية التطبيقية /
_c عبد الحميد عبد المجيد البلداوي
260 _aعمان:
_bدار الشروق للنشر والتوزيع,
_c2008
300 _a344 صفحة؛
_bإيضاحات ؛
_c25 سم
504 _aالملاحق:ص ص.331-339 ببليوغرافيا:ص ص.343-344
520 _aأهمية علم الإحصاء وإستخداماته،تبويب وعرض المعطيات الإحصائية،مقاييس النزعة المركزية،مقاييس التشتت،مبادئ الإحتمالات،الارتباط،الإنحدار الخطي،الإنحدار غير الخطي،السلاسل الزمنية،اختبار الفروض وتحليل التباين
653 _aالإحصاء التطبيقي
942 _cكتاب
999 _c44728
_d44728